Control total de la calidad
Kaydedildi:
| Yazar: | |
|---|---|
| Materyal Türü: | Kitap |
| Dil: | İspanyolca |
| Baskı/Yayın Bilgisi: |
Ciudad de México
Continental
1986
|
| Konular: | |
| Etiketler: |
Etiketle
Etiket eklenmemiş, İlk siz ekleyin!
|
MARC
| LEADER | 00000nam a2200000 a 4500 | ||
|---|---|---|---|
| 001 | UCV3790 | ||
| 003 | CL-VaPUC | ||
| 008 | 920316e19860000MX |||||||||||||||||spa|d | ||
| 082 | 0 | 4 | |a 658.562 |b FEI |2 21 |
| 100 | 0 | |a Feigenbaum, Armand Vallin |e author |9 298145 | |
| 245 | 1 | 0 | |a Control total de la calidad |
| 300 | |a 871 p | ||
| 942 | |c BK | ||
| 945 | |d 19920316 00:00:00 | ||
| 260 | |a Ciudad de México |b Continental |c 1986 | ||
| 650 | 0 | |a Control de calidad |9 259714 | |
| 650 | 7 | |a CALIDAD DE LOS PRODUCTOS |2 CL-VaPUC |9 259810 | |
| 583 | |a last modification |c 19920316 00:00:00 |k Rodrigo Vera | ||
| 999 | |c 210916 |d 210914 | ||
| 952 | |0 0 |1 0 |4 0 |6 658_562000000000000_FEI_1986 |7 0 |8 A |9 187970 |a BIBING |b BIBING |d 2019-11-14 |i 2554461 |o 658.562 FEI 1986 |p 2554461 |r 2023-03-02 |w 2019-11-14 |y BK |k EII | ||
| 952 | |0 0 |1 0 |4 0 |6 658_562000000000000_FEI_1986 |7 0 |8 A |9 187971 |a BIBING |b BIBING |d 2019-11-14 |i 255447K |o 658.562 FEI 1986 |p 255447K |r 2025-01-20 |w 2019-11-14 |y BK |k EII | ||
| 952 | |0 0 |1 0 |4 0 |6 658_562000000000000_FEI_1986 |7 0 |8 A |9 187972 |a BIBMAT |b BIBMAT |d 2019-11-14 |i 2554488 |o 658.562 FEI 1986 |p 2554488 |r 2025-01-07 |w 2019-11-14 |y BK |k MAT | ||